From control to design : parametric/algorithmic architecture (Record no. 8110)
[ view plain ]
| 000 -LEADER | |
|---|---|
| fixed length control field | 00369nam a22001457a 4500 |
| 003 - CONTROL NUMBER IDENTIFIER | |
| control field | OSt |
| 005 - DATE AND TIME OF LATEST TRANSACTION | |
| control field | 20200804142529.0 |
| 008 - FIXED-LENGTH DATA ELEMENTS--GENERAL INFORMATION | |
| fixed length control field | 200804b ||||| |||| 00| 0 eng d |
| 020 ## - INTERNATIONAL STANDARD BOOK NUMBER | |
| International Standard Book Number | 9788496540798 |
| 082 ## - DEWEY DECIMAL CLASSIFICATION NUMBER | |
| Classification number | 720 |
| Item number | MERF |
| 100 ## - MAIN ENTRY--PERSONAL NAME | |
| Personal name | Meredith, Michael, |
| Dates associated with a name | 1967- |
| 245 ## - TITLE STATEMENT | |
| Title | From control to design : parametric/algorithmic architecture |
| 260 ## - PUBLICATION, DISTRIBUTION, ETC. (IMPRINT) | |
| Name of publisher, distributor, etc | Actar |
| 942 ## - ADDED ENTRY ELEMENTS (KOHA) | |
| Source of classification or shelving scheme | |
| Withdrawn status | Lost status | Source of classification or shelving scheme | Damaged status | Koha normalized classification for sorting | Not for loan | Permanent location | Current location | Date acquired | Total Checkouts | Full call number | Barcode | Date last seen | Date last borrowed | Price effective from | Koha item type |
|---|---|---|---|---|---|---|---|---|---|---|---|---|---|---|---|
| 720_000000000000000_MERF | BMS College of Architecture, Design and Planning | BMS College of Architecture, Design and Planning | 2020-08-04 | 3 | 720 MERF | AR-PG270 | 2025-02-17 | 2025-02-11 | 2020-08-04 | PG Books | |||||
| 720_000000000000000_MERF | BMS College of Architecture, Design and Planning | BMS College of Architecture, Design and Planning | 2021-01-09 | 1 | 720 MERF | AR-UG2059 | 2022-02-15 | 2021-12-10 | 2021-01-09 | UG Books |